Statistics for NBA Players from Minnesota

Click here to take the quiz!

General Stats

  • This quiz has been taken 23 times
    (18 since last reset)
  • The average score is 8 of 48

Answer Stats

PositionPlayerDraft Year% Correct
PFKevin McHale1980
77%
SFAmir Coffey2019
69%
GBobby Jackson1997
62%
FRichard Coffey1990
62%
PFKris Humphries2004
54%
FCMychal Thompson1978
46%
SGVoshon Lenard1994
46%
GDon Smith1947
38%
GFLou Hudson1966
38%
CRandy Breuer1983
38%
FRon Johnson1960
38%
PFJim Brewer1973
31%
FCJim Peterson1984
31%
SFQuincy Lewis1999
31%
GTrent Tucker1982
31%
FBud Grant1950
23%
CJoel Przybilla2000
23%
SFLarry Mikan1970
23%
GRay Williams1977
23%
CDaniel Oturu2020
15%
GArchie Clark1966
8%
CBob Martin1992
8%
FCJohn Thomas1997
8%
PFRoyce White2012
8%
CTrevor Winter1997
8%
GWillie Burton1990
8%
FBen Coleman1984
0%
CChris Engler1982
0%
GChuck Mencel1955
0%
GFDick Garmaker1954
0%
GDon CarlsonN/A
0%
GDoug Bolstorff1957
0%
FEd Kalafat1954
0%
CJohn Shasky1986
0%
GKevin Burleson2003
0%
GKevin Lynch1991
0%
FLeo Rautins1983
0%
FCMark Landsberger1977
0%
PFMark Olberding1975
0%
FMarlon Maxey1992
0%
GMelvin Newbern1990
0%
FCRon Behagen1973
0%
GSam Jacobson1998
0%
PFSteve Lingenfelter1981
0%
CTom Barker1976
0%
GTony JarosN/A
0%
GWalter Bond1991
0%
GWhitey Skoog1951
0%

Score Distribution

Percentile by Number Answered

Percent of People with Each Score

Your Score History

You have not taken this quiz since the last reset